| 000 | 01969nam a2200217Ia 4500 | ||
|---|---|---|---|
| 003 | Ost | ||
| 005 | 20260507075446.0 | ||
| 008 | 260507s9999||||xx |||||||||||||| ||und|| | ||
| 040 | _cfsecg | ||
| 041 | _aara | ||
| 082 | _a658.8 | ||
| 100 |
_aبيبل، ديفد _eمؤلف |
||
| 245 | 0 |
_aالتسويق نظريات حديثة / _c ديفد بيبل |
|
| 260 |
_aعمان: _bدار الاهلية للنشر, _c2007 |
||
| 300 |
_a399 صفحة؛ _bإيضاحات ؛ _c24 سم |
||
| 520 | _aسبع خطوات لكتابة خطوة التسويق في يوم واحد ، كيف تعرف العمر الافتراضي لزبونك ، إما أن تميز عملك أو ستخسر ، خمس خطوات لخلق رسالتك التسويقية كيف تجعل الاحالات تهطل كالمطر ، التركيز على مركز القوة ... زبائنك ، كيف تؤثر على زبائنك ، التسويق المشترك ، ماهو النشاط التجاري الذي تعمل به ، كيف تستطيع الأشياء المقدمة مجانا أن تزيد من ايرادتك ، التسويق بالضمان ، التسويق في البيئة الملائمة ، استخدام بحث السوق لاعداد استراتيجيات تسويق مبكرة عنصرا للاعلان الناجح للنشاط التجاري الصغير خطوة لاعداد النموذج رسالة مبيعات ، استراتجية نجاح الهاتف في النشاطات الصغيرة ، كيف تسعر منتجك أو خدمتك لتحصل على على ربح ، مضاعفة المبيعات ، التسويق المباشر للنشاطات التجارية الصغيرة ، المفتاح السحري للمبيعات المتكررة المضمونة الأسواق الخيرية أسرار الشهرة المجانية . | ||
| 653 | _aأدارة المبيعات | ||
| 653 | _aالتسويق-خطط | ||
| 653 | _aتسويق | ||
| 942 | _cكتاب | ||
| 999 |
_c44582 _d44582 |
||